00000000nam 2200000zi 4500
0019.947361
003CaOODSP
00520250303103444
006m     o  d f      
007cr |n|||||||||
008250124s1952    oncad   ob   f000 0 eng d
040 |aCaOODSP|beng|erda|cCaOODSP
043 |an-cn-on
0861 |aA52-278/1952E-PDF
0861 |zA51-43E-PDF
1001 |aGutteridge, H. S., |eauthor.
24510|aPoultry Division, Central Experimental Farm, Ottawa : |bprogress report, 1937-1947 / |cH. S. Gutteridge.
264 1|aOttawa, Canada : |bMinister of Agriculture, |c[1952]
300 |a1 online resource (70 pages) : |billustrations, chart
336 |atext|btxt|2rdacontent
337 |acomputer|bc|2rdamedia
338 |aonline resource|bcr|2rdacarrier
500 |aDigitized edition from print [provided by Agriculture and Agri-Food Canada].
504 |aIncludes bibliographical references.
61015|aCanada. |bPoultry Division.
61015|aCanada. |bService de l'aviculture.
650 0|aPoultry|xResearch|zCanada.
650 6|aVolailles|xRecherche|zCanada.
7101 |aCanada. |bPoultry Division, |eissuing body.
7101 |aCanada. |bExperimental Farms Service, |eissuing body.
85640|qPDF|s13.70 MB|uhttps://publications.gc.ca/collections/collection_2024/aac-aafc/A51-43-1937-eng.pdf
986 |a7M—15606—12:51